Kody kreskowe państw europejskich - Statystyki

Ogólne statystyki
  • Ten quiz został rozwiązany 31 razy
  • Średni wynik to 17 z 45
Statystyki odpowiedzi
Wskazówka Odpowiedź % Poprawnych
Francja 300-379
67%
Monako 300-379
67%
Niemcy 400-440
67%
Rosja 460-469
67%
Litwa 477
67%
Białoruś 481
67%
Ukraina 482
67%
Wielka Brytania 500-509
67%
Albania 530
67%
Belgia 540-549
67%
Portugalia 560
67%
Polska 590
67%
Węgry 599
67%
Włochy 800-839
67%
Andora 840-849
67%
Hiszpania 840-849
67%
Słowacja 858
67%
Czechy 859
67%
Serbia 860
67%
Holandia 870-879
67%
Łotwa 475
33%
Grecja 520
33%
Luksemburg 540-549
33%
Dania 570-579
33%
Szwecja 730-739
33%
Liechtenstein 760-769
33%
Szwajcaria 760-769
33%
San Marino 800-839
33%
Watykan 800-839
33%
Austria 900-919
33%
Bułgaria 380
0%
Słowenia 383
0%
Chorwacja 385
0%
Bośnia i Hercegowina 387
0%
Czarnogóra 389
0%
Kosowo 390
0%
Estonia 474
0%
Mołdawia 484
0%
Macedonia Północna 531
0%
Malta 535
0%
Irlandia 539
0%
Islandia 569
0%
Rumunia 594
0%
Finlandia 640-649
0%
Norwegia 700-709
0%
Nie znaleziono quizów pasujących do podanych kryteriów
Rozkład punktacji
Procent ludzi z każdym wynikiem
Percentyl według liczby udzielonych odpowiedzi
Twoja historia wyników
Nie rozwiązałeś tego quizu